| 000 | 00392nam a22001217a 4500 | ||
|---|---|---|---|
| 008 | 230609b xxu||||| |||| 00| 0 eng d | ||
| 082 |
_a354.676 _bGOK |
||
| 245 |
_a2009/2010 Estimates of Development Expenditure of the Government of Kenya for the Year Ending 30th June 2010 _b(Votes D 01- D 19) |
||
| 260 |
_aNairobi,Kenya _bGOK _cJune,2009 |
||
| 300 | _aVII,1005p | ||
| 440 | _v1 | ||
| 942 |
_2ddc _cBK |
||
| 999 |
_c924 _d924 |
||